Infrared astronomical satellite (IRAS) (Record no. 9307)

MARC details
000 -LEADER
fixed length control field 00790nam a2200229Ia 4500
003 - CONTROL NUMBER IDENTIFIER
control field IN-BaIIA
008 - FIXED-LENGTH DATA ELEMENTS--GENERAL INFORMATION
fixed length control field 211028s9999 xx 000 0 eng d
040 ## - CATALOGING SOURCE
Transcribing agency IIA Library
080 ## - UNIVERSAL DECIMAL CLASSIFICATION NUMBER
Universal Decimal Classification number 083.52-76
Item number IRAS
100 ## - MAIN ENTRY--PERSONAL NAME
Personal name Beichman, C. A.
9 (RLIN) 15661
245 #0 - TITLE STATEMENT
Title Infrared astronomical satellite (IRAS)
Remainder of title catalogue and atlases explanatory supplement
Statement of responsibility, etc. C. A. Beichman…[et al.]
260 ## - PUBLICATION, DISTRIBUTION, ETC.
Place of publication, distribution, etc. California
Name of publisher, distributor, etc. IRAS Project Office
Date of publication, distribution, etc. 1985
300 ## - PHYSICAL DESCRIPTION
Extent [various pagings.]
650 ## - SUBJECT ADDED ENTRY--TOPICAL TERM
Topical term or geographic name entry element Astronomy and astrophysics thesaurus
650 ## - SUBJECT ADDED ENTRY--TOPICAL TERM
Topical term or geographic name entry element Catalogue - IRAS
9 (RLIN) 15662
650 ## - SUBJECT ADDED ENTRY--TOPICAL TERM
Topical term or geographic name entry element IRAS catalogue
9 (RLIN) 15663
700 ## - ADDED ENTRY--PERSONAL NAME
Personal name Chester, T. J.
9 (RLIN) 15664
700 ## - ADDED ENTRY--PERSONAL NAME
Personal name Clegg, P. E.
9 (RLIN) 15665
700 ## - ADDED ENTRY--PERSONAL NAME
Personal name Habing, H. J.
9 (RLIN) 15666
700 ## - ADDED ENTRY--PERSONAL NAME
Personal name Neugebauuer, G.
9 (RLIN) 15667
942 ## - ADDED ENTRY ELEMENTS (KOHA)
Koha item type Books
Holdings
Withdrawn status Lost status Damaged status Not for loan Home library Current library Shelving location Date acquired Total Checkouts Full call number Barcode Date last seen Price effective from Koha item type
        IIA Library-Bangalore IIA Library-Bangalore General Stacks     083.52-76/ IRAS 10214 05/11/2021   Books

Powered by Koha